| 000 | 00441nam a2200193Ia 4500 | ||
|---|---|---|---|
| 005 | 20241105114553.0 | ||
| 008 | 131103s9999 xx 000 0 und d | ||
| 020 | _a033392 204 2 | ||
| 040 | _aLoreto College | ||
| 041 | _aEnglish | ||
| 082 |
_a900/N _bFEL |
||
| 245 | _aDown the ages | ||
| 260 |
_aChennai _bMacmillan _c1998 |
||
| 300 |
_a56p _b ill. |
||
| 440 | _aKonica felton | ||
| 650 | _aHistory | ||
| 850 | _aLCBED | ||
| 942 | _cBK | ||
| 999 |
_c29026 _d79505 |
||